| 000 | 005220000a22001930004500 | ||
|---|---|---|---|
| 001 | 002736 | ||
| 003 | MACL | ||
| 005 | 20150804153408.0 | ||
| 008 | 150804b xxu||||| |||| 00| 0 eng d | ||
| 040 |
_aMACL _cMACL |
||
| 041 | _aEnglish | ||
| 082 | _a370/MAC | ||
| 100 |
_aMaccarthaigh, Brendan _94665 |
||
| 245 |
_aWhere The Child Is Without Fear _bthe serve System Of education _cBrendan Maccarthaigh |
||
| 260 |
_aKolkata _c2006 _bEarthcare Books, |
||
| 350 | _a120 | ||
| 650 |
_aEducation _94666 |
||
| 942 |
_k370 _cBK _2ddc |
||
| 999 |
_c14645 _d14645 |
||